000 02000cam a22004694i 4500
003 PE-LiUPU
005 20250731165400.0
008 150923s2009 pe grm 000 0 spa d
035 _a(Sirsi) a154593
040 _aPE-LiUPU
_bspa
_cPE-LiUPU
_erda
099 _aTE 3
_bH82 2009
100 1 _aHuarca Carranza, Luis Kleiber
_eautor
245 1 _aIntegración de la biblioteca y el currículo de la Universidad Nacional de Educación en el progreso de la investigación científica /
_cLuis Kleiber Huarca Carranza.
264 0 _c2009.
300 _a247 hojas
_c30 cm
336 _atext
_2rdacontent
337 _aunmediated
_2rdamedia
338 _avolume
_2rdacarrier
502 _aTesis
_b(Mg.) --
_cUniversidad Peruana Unión,
_d2009.
504 _aIncluye referencias
520 3 _aLa presente investigación es el resultado de muchos años de trabajo, especialmente en el quehacer docente y en la condición de bibliotecario, comprometido con la búsqueda de nuevos conocimientos y con práctica de la integración de la biblioteca y el currículo de la Universidad Nacional de Educación en el proceso de la investigación científica. La población en estudio estuvo constituida por 1530 distribuidos en dos estratos docentes: 1151 y alumnos: 379.
526 _aSEG44
526 _aSEG26
526 _aP151
526 _aP150
526 _aP149
526 _aP146
526 _aP145
526 _aP126
526 _aP125
526 _aP92
526 _aP75
526 _aP74
526 _aP27
526 _aP15
650 0 4 _aBibliotecas
_xCurrículo
_xInvestigación
_vTesis.
650 0 4 _aEducación superior
_xBibliotecas
_vTesis.
596 _a1
942 _2ddc
_cTESIS
999 _aTE 3 H82 2009
_wALPHANUM
_c7295
_iT01116
_lCCODEBUL3
_mBUL
_r1
_sY
_tTESIS
_u2015-9-23
_xPOSGRADO
_PP57
_o.STAFF. Tesis
_d7295
999 _aTE 3 H82 2009
_wALPHANUM
_c2
_iT01689
_lCCODEBUL3
_mBUL
_r1
_sY
_tTESIS
_u2015-9-23
_xPOSGRADO
_PP57
_o.STAFF. Tesis
980 _81
_gALBERTO SANCHEZ Responsable de Automatización